00480nam a2200157Ia 4500008004000000082001300040100003900053245002100092260002600113300001100139650001400150690001200164906001100176999001700187952011800204210210b1970 xxu||||| |||| 00| 0 eng d a591 GOOG aGOODNIGHT (Clarence J) and others. aGeneral zoology. aN DelhibOxfordc1970 axi,564 aZoology  aZoology a028402 c79651d79651 001040708BiologyaALbALcBiologyd2021-02-17g14.00l0o591 GOOGp028402r2021-02-17 00:00:00w2021-02-17yBK